Italská důchodová reforma - praktické zkušenosti

Hlavné princípy talianskej dôchodkovej reformy. Priebeh talianskej dôchodkovej reformy. I. a II. pilier dôchodkovej sústavy: dôchodkové poistenie a doplnkové dôchodkové pripoistenie.

Uložené v:
Podrobná bibliografia
Hlavný autor: Vít, Samek
Médium: Kapitola
Jazyk:Czech
Predmet:
Tagy: Pridať tag
Žiadne tagy, Buďte prvý, kto otaguje tento záznam!

MARC

LEADER 00000naa a2200000 4500
001 r042397
005 20230913071932.7
041 0 |a cze 
044 |a CZ 
245 1 0 |a Italská důchodová reforma - praktické zkušenosti  |c Samek Vít 
520 |a Hlavné princípy talianskej dôchodkovej reformy. Priebeh talianskej dôchodkovej reformy. I. a II. pilier dôchodkovej sústavy: dôchodkové poistenie a doplnkové dôchodkové pripoistenie. 
610 2 0 |a dôchodky starobné 
610 2 0 |a reformy 
610 2 0 |a zabezpečenie dôchodkové 
610 2 0 |a Taliansko 
610 2 0 |a poistenie dôchodkové 
610 2 0 |a poistenie dôchodkové doplnkové 
100 1 |a Vít, Samek